Learning Resource and Development

Elementary differential equations / (Record no. 28497)

MARC details
000 -LEADER
fixed length control field 01480nam a2200289 i 4500
003 - CONTROL NUMBER IDENTIFIER
control field CSPC
005 - DATE AND TIME OF LATEST TRANSACTION
control field 20241121153441.0
008 - FIXED-LENGTH DATA ELEMENTS--GENERAL INFORMATION
fixed length control field 241121s2019 flu b 001 0 eng d
020 ## - INTERNATIONAL STANDARD BOOK NUMBER
International Standard Book Number 9781032475844
040 ## - CATALOGING SOURCE
Transcribing agency CSPC
Original cataloging agency CSPC
Language of cataloging eng
Description conventions rda
050 00 - LIBRARY OF CONGRESS CALL NUMBER
Classification number QA372
Item number .R7495
082 00 - DEWEY DECIMAL CLASSIFICATION NUMBER
Classification number 515.35
Item number R541e
Edition number 23
100 1# - MAIN ENTRY--PERSONAL NAME
Personal name Roberts, Charles,
Relator term author.
245 10 - TITLE STATEMENT
Title Elementary differential equations /
Statement of responsibility, etc. Charles Roberts.
250 ## - EDITION STATEMENT
Edition statement Second edition.
264 #1 - PRODUCTION, PUBLICATION, DISTRIBUTION, MANUFACTURE, AND COPYRIGHT NOTICE
Place of production, publication, distribution, manufacture Boca Raton, Florida :
Name of producer, publisher, distributor, manufacturer CRC Press, an imprint of Taylor & Francis Group,
Date of production, publication, distribution, manufacture, or copyright notice 2019.
300 ## - PHYSICAL DESCRIPTION
Extent xvii, 536 pages ;
Dimensions 24 cm.
336 ## - CONTENT TYPE
Content type term text
Source rdacontent
337 ## - MEDIA TYPE
Media type term unmediated
Source rdamedia
338 ## - CARRIER TYPE
Carrier type term volume
Source rdacarrier
490 ## - SERIES STATEMENT
Series statement Textbooks in mathematics
504 ## - BIBLIOGRAPHY, ETC. NOTE
Bibliography, etc. note Includes bibliographical references and index.
505 0# - FORMATTED CONTENTS NOTE
Formatted contents note Introduction -- The initial value problem y' = f(x,y); y(c)=d -- Applications of the initial value problem -- N-th order linear differential equations -- The laplace transform method -- Applications of linear differential equations with constant coefficients -- Systems of first-order differential equations -- Linear systems of first-order differential equations -- Applications of linear systems with constant coefficients -- Applications of systems of equations.
650 #0 - SUBJECT ADDED ENTRY--TOPICAL TERM
Topical term or geographic name entry element Differential equations
Form subdivision Texbooks.
942 ## - ADDED ENTRY ELEMENTS (KOHA)
Source of classification or shelving scheme Dewey Decimal Classification
Suppress in OPAC No
Koha item type Books
Classification part 515.35
Call number prefix ENG
Call number suffix 2019
Edition 23
Holdings
Withdrawn status Lost status Source of classification or shelving scheme Damaged status Not for loan Home library Current library Shelving location Date acquired Total Checkouts Full call number Barcode Date last seen Copy number Price effective from Koha item type
    Dewey Decimal Classification     Main Library Main Library Engineering Section 11/21/2024   ENG 515.35 R541e 2019 028461 11/21/2024 1-1 11/21/2024 Books